| 000 | 00478nam a2200181 a 4500 | ||
|---|---|---|---|
| 001 | 3433 | ||
| 003 | CO-ViMGA | ||
| 008 | 141112s2004 ck r 000 u spa d | ||
| 040 |
_aCO-ViMGA _bspa _cCO-ViMGA |
||
| 082 | 0 | 4 | _a728.3 M122 |
| 100 | 1 | _aMacdonald, Fiona | |
| 245 | 1 | 0 |
_aLa vivienda : _bhabitats y vida domestica |
| 260 |
_aMadrid : _bAnaya, _c1995 |
||
| 300 | _a48 p : il | ||
| 490 | _aA traves del tiempo, 10 | ||
| 650 | 1 | 4 |
_aVIVIENDA - HISTORIA _953167 |
| 942 |
_2ddc _cBK |
||
| 999 |
_c15481 _d15481 |
||